Спутниковый мониторинг Земли (Запись № 10636344)
[ простой вид ]
| 000 -МАРКЕР | |
|---|---|
| контрольное поле | 02046nam0a2200361 i 4500 |
| 001 - ИДЕНТИФИКАТОР ЗАПИСИ | |
| контрольное поле | RU\NLR\BIBL_A\010912250 |
| 005 - ИДЕНТИФИКАТОР ВЕРСИИ | |
| контрольное поле | 20260405175655.0 |
| 010 ## - МЕЖДУНАРОДНЫЙ СТАНДАРТНЫЙ НОМЕР КНИГИ (ISBN) | |
| Номер (ISBN) | 9785971025153 |
| 021 ## - НОМЕР ГОСУДАРСТВЕННОЙ РЕГИСТРАЦИИ | |
| Код страны | Российская Федерация |
| Номер | 2015-86722 |
| Номер Листа государственной регистраци | 5314 |
| 035 ## - ДРУГИЕ СИСТЕМНЫЕ НОМЕРА | |
| Идентификатор записи | (NILC)RuMoRGB-008065691 |
| 035 ## - ДРУГИЕ СИСТЕМНЫЕ НОМЕРА | |
| Идентификатор записи | (NLR Aleph) 010912250 |
| 100 ## - ДАННЫЕ ОБЩЕЙ ОБРАБОТКИ | |
| Данные общей обработки | 20151126d2015 km y0rusy50 ca |
| 101 0# - ЯЗЫК РЕСУРСА | |
| Язык текста, звукозаписи и т.д. | русский |
| 102 ## - СТРАНА ПУБЛИКАЦИИ ИЛИ ПРОИЗВОДСТВА | |
| Страна публикации | Российская Федерация |
| 105 ## - ПОЛЕ КОДИРОВАННЫХ ДАННЫХ: ТЕКСТОВЫЕ МАТЕРИАЛЫ, МОНОГРАФИЧЕСКИЕ | |
| Кодированные данные о монографическом текстовом документе | a|||z|||000zy |
| 200 1# - ЗАГЛАВИЕ И СВЕДЕНИЯ ОБ ОТВЕТСТВЕННОСТИ | |
| Основное заглавие | Спутниковый мониторинг Земли |
| Сведения, относящиеся к заглавию | микроволновая радиометрия атмосферы и поверхности |
| Первые сведения об ответственности | Б. Г. Кутуза, М. В. Данилычев, О. И. Яковлев |
| 210 ## - ПУБЛИКАЦИЯ, РАСПРОСТРАНЕНИЕ И ДР. | |
| Место издания, распространения и т.д. | Москва |
| Имя издателя, распространителя и т. д. | URSS |
| -- | ЛЕНАНД |
| Дата издания, распространения и т.д. | 2015 |
| 215 ## - ФИЗИЧЕСКАЯ ХАРАКТЕРИСТИКА | |
| Специфическое обозначение материала и объем | 333 с. |
| Другие сведения о физической характеристике | ил. |
| Размеры | 22 |
| 300 ## - ОБЩИЕ ПРИМЕЧАНИЯ | |
| Текст примечания | На 4-й с. обл. авт.: Б. Г. Кутуза, д-р физ.-мат. наук, проф., лауреат Гос. премий ССС и Рос. Федерации, М. В. Данилычев, канд. физ.-мат. наук, О. И. Яковлев, проф., заслуж. деят. науки и техники Рос. Федерации, лауреат двух Гос. премий СССР |
| 320 ## - ПРИМЕЧАНИЯ О НАЛИЧИИ В ДОКУМЕНТЕ БИБЛИОГРАФИИ / УКАЗАТЕЛЯ | |
| Текст примечания | Библиогр.: с. 313-333 (435 назв.) |
| 606 1# - НАИМЕНОВАНИЕ ТЕМЫ КАК ПРЕДМЕТ | |
| Наименование темы | Земная поверхность |
| Тематический подзаголовок | Радиометрия микроволновая |
| -- | Дистанционные методы |
| Системный номер авторитетной/нормативной записи | 2262295 |
| Идентификатор авторитетной/нормативной записи | RU\NLR\AUTH\6601586099 |
| 606 1# - НАИМЕНОВАНИЕ ТЕМЫ КАК ПРЕДМЕТ | |
| Наименование темы | Атмосфера |
| Тематический подзаголовок | Радиометрия микроволновая |
| -- | Дистанционные методы |
| Системный номер авторитетной/нормативной записи | 2262298 |
| Идентификатор авторитетной/нормативной записи | RU\NLR\AUTH\6601586101 |
| 686 1# - ИНДЕКСЫ ДРУГИХ КЛАССИФИКАЦИЙ | |
| Индекс | Д820в738.1 |
| 686 1# - ИНДЕКСЫ ДРУГИХ КЛАССИФИКАЦИЙ | |
| Индекс | Д23в738.1 |
| 700 #1 - ИМЯ ЛИЦА - ПЕРВИЧНАЯ ОТВЕТСТВЕННОСТЬ | |
| Начальный элемент ввода | Кутуза |
| Часть имени, кроме начального элемента ввода | Б. Г. |
| Расширение инициалов личного имени | Борис Георгиевич |
| 701 #1 - ИМЯ ЛИЦА - АЛЬТЕРНАТИВНАЯ ОТВЕТСТВЕННОСТЬ | |
| Начальный элемент ввода | Данилычев |
| Часть имени, кроме начального элемента ввода | М. В. |
| Расширение инициалов личного имени | Михаил Васильевич |
| 701 #1 - ИМЯ ЛИЦА - АЛЬТЕРНАТИВНАЯ ОТВЕТСТВЕННОСТЬ | |
| Материалы, к которым относится поле | rus |
| Графика поля | Кириллица |
| Начальный элемент ввода | Яковлев |
| Часть имени, кроме начального элемента ввода | О. И. |
| Дополнения к именам, кроме дат | д-р техн. наук |
| Даты | 1929- |
| Расширение инициалов личного имени | Олег Изосимович |
| Идентификатор авторитетной/нормативной записи | RU\NLR\AUTH\7776688 |
| Системный номер авторитетной/нормативной записи | 59616 |
| 801 #0 - ИСТОЧНИК ЗАПИСИ | |
| Страна | Российская Федерация |
| Организация | РГБ |
| Дата составления | 20151110 |
| Правила каталогизации | RCR |
| 942 ## - ДОПОЛНИТЕЛЬНЫЕ ЭЛЕМЕНТЫ ЗАПИСИ (АБИС) | |
| Тип экземпляра АБИС | Книга |
| 980 ## - КОЛЛЕКЦИЯ | |
| Название коллекции | НБР |
Нет доступных экземпляров.